Guess the 1970s song lyrics #139 - Statistics

General Stats
  • This quiz has been taken 24 times
  • The average score is 288 of 349
Answer Stats
Answer % Correct
a
100%
And
100%
and
100%
I
100%
in
100%
the
100%
to
100%
If
96%
me
96%
you
96%
You
96%
do
92%
he
92%
love
92%
Love
92%
were
92%
All
88%
All
88%
ha
88%
it
88%
my
88%
of
88%
what
88%
know
83%
mine
83%
was
83%
Was
83%
But
79%
good
79%
have
79%
said
79%
world
79%
blue
75%
boys
75%
deep
75%
fishes
75%
girls
75%
had
75%
I'd
75%
Joy
75%
Make
75%
sea
75%
bullfrog
71%
friend
71%
I'm
71%
Jeremiah
71%
Sing
71%
some
71%
Tell
71%
tell
71%
him
67%
his
67%
king
67%
never
67%
now
67%
fine
63%
word
63%
yeah
63%
always
58%
mighty
58%
single
58%
sweet
58%
understood
58%
gun
54%
ladies
54%
son
54%
away
50%
night
50%
Singin
50%
wine
50%
drink
46%
helped
46%
Let
46%
shootin
46%
throw
46%
fun
42%
shooting
42%
straight
42%
bars
33%
Ah
29%
cars
25%
high
25%
mean
25%
rainbow
25%
rider
25%
wars
21%
ya
21%
flier
13%
bout
8%
alright
0%
No matching quizzes found
Score Distribution
Percent of People with Each Score
Percentile by Number Answered
Your Score History
You have not taken this quiz